Word Ladder: Won't Get Blown Down Quiz Stats

 Plays Quiz Updated Sep 12, 2012

Support Sporcle.
Go Orange.
Score 0/14 Timer 02:00
0 Plays Today
Clue Word % Correct
Clay block used for buildingBRICK
80.3%
FOX medical drama seriesHOUSE
77.4%
Pour liquid onDOUSE
72.8%
To piercePRICK
69.6%
Pickle juiceBRINE
54.1%
Twelve, in ToulouseDOUZE
41.3%
Strongly desireCRAVE
39.4%
Clue Word % Correct
Scottish Pixar filmBRAVE
38.8%
The latest thingCRAZE
33.3%
Country/folk singer JohnPRINE
28.3%
Multi-dimensional object of M-TheoryBRANE
25.9%
Chevrolet modelCRUZE
25.1%
To deck or dress for showPRINK
24.8%
Syrian religious communityDRUZE
20.2%

Today's Daily Dose

Word Ladder
ING Words

Get the Picture
Nearest Volcano

From the Vault

NBA 1500+ Point Seasons (2000s)

by Jethro

Sports 12m
We wonder how many times you'd have to jump to score 1500 points. We're tired even thinking about it.
Remove Ads.
Support Sporcle.
Get the best of Sporcle when you Go Orange. This ad-free experience offers more features, more stats, and more fun while also helping to support Sporcle. Thank you for becoming a member.

Show Comments

Extras

Top Quizzes Today


Score Distribution

Your Account Isn't Verified!

In order to create a playlist on Sporcle, you need to verify the email address you used during registration. Go to your Sporcle Settings to finish the process.

Report this User

Report this user for behavior that violates our Community Guidelines.

Details: